000 00648nam a2200229 a 4500
001 BRL_1192
005 20190320211057.0
008 261113s1949----au-a######---#000-0#ger-#
041 _ager
044 _aau
050 4 _aNA5535.S2
_b.O47 1949
100 1 _aOettinger, Karl
_926070
245 1 0 _aDas Tavfwerk Von St.Stephan in Wien
_cKarl Oettinger.
260 _aWien
_bBerglandverlag
_c1949
300 _a62 p.
_bil., 74 láminas
_c25 cm.
500 _aAu1365
504 _aBibliografĂ­a: p. 60
610 2 4 _aCatedral de San Esteban (Viena, Austria)
_926071
650 1 4 _aFuentes
_zViena (Austria)
_926072
902 _aGRL
942 _2lcc
_cB
999 _c10004
_d10004